| 000 | 00822nam a22002297a 4500 | ||
|---|---|---|---|
| 005 | 20150323152212.0 | ||
| 010 | _aENG-112225-226 | ||
| 020 | _a9788182746602(set) | ||
| 020 |
_a9788182747777 _c990.00 |
||
| 020 |
_a9788182747807 _c990.00 |
||
| 035 | _aEN-95757-758 | ||
| 037 | _bDBAD/PUB | ||
| 082 | _a355.033054 | ||
| 245 |
_aOfficial history of the Indian armed forces in the second world war 1939-45 / _cedited by Bisheshwar Prasad |
||
| 260 |
_aNew Delhi _bPentagon Press _c2014(repr.) |
||
| 270 |
_a206 Peacock Lane, Shahpur Jat, _bNew Delhi _e110049 |
||
| 300 |
_a2V.(xxxiv,500p. ; xxv,699p.) _c25cm(Hb) |
||
| 500 | _aIncludes index | ||
| 505 | _aV.1-The retreat from Burma 1941-42 ; V.2-The campaign in Italy 1943-45 | ||
| 700 | _aBisheshwar Prasad | ||
| 942 |
_2ddc _cEN _mOFF _h355.033054 |
||
| 999 |
_c91702 _d91702 |
||